000 01120naa a22003137a 4500
001 BR8103209
003 BR-BrBNA
005 20240918174740.0
007 ta
008 230509b bl.||||| |||| 00| 0 por d
040 _aBR-BrBNA
_bpor
_cBiblioteca Nacional de Agricultura
041 _a(Pt)
072 _aH60
_b1740
_b3876
090 _aH60 BR8103209
100 1 _aMascarenhas, M.H.T.
100 1 _aSaturnino, H.M.
100 1 _aSouza, R.J. de
100 1 _aLara, J.F.R.
245 1 _aControle quimico de ervas daninhas na cultura da cebola (Allium cepa L.), atraves da associacao de alguns herbicidas residuais com o herbicida glyphosate
260 3 _aBelo Horizonte, MG (Brasil):
_c1981.
500 _aProjeto olericultura. Relatorio 77/78 Belo Horizonte, MG (Brasil): 1981. p. 202-207 (BR8103209-AM)H60
650 _aErva daninha
650 _aCebola
650 _aHerbicida residual
650 _aControle quimico
773 0 _tProjeto olericultura. Relatorio 77/78
_wH60 BR8103209
_gBelo Horizonte, MG (Brasil), 1981. p. 202-207
909 _a202404
_bLucia
_c55
_dLucia Elande
942 _cAM
_2AGRIS
999 _c313314
_d313314